[Késmárki Thököly Imre 1657-1705] : Harmadik fejezet : a fölkelés élén /

Elmentve itt :
Bibliográfiai részletek
Szerző: Angyal Dávid
Dokumentumtípus: Cikk
Megjelent: 1888
Sorozat:Kolligátum
Kulcsszavak:Thököly Imre (Erdély : fejedelem), Magyarország története - 17. sz. - életrajz
Online Access:http://misc.bibl.u-szeged.hu/25922
LEADER 00645nab a2200169 i 4500
001 misc25922
005 20191111110641.0
008 171002s1888 hu o 0|| zxx d
040 |a SZTE Miscellanea Repozitórium  |b hun 
041 |a zxx 
100 1 |a Angyal Dávid 
245 1 0 |a [Késmárki Thököly Imre  |h [elektronikus dokumentum] :  |b 1657-1705] : Harmadik fejezet : a fölkelés élén /  |c  Angyal Dávid 
260 |c 1888 
300 |a 175-291 
490 0 |a Kolligátum 
695 |a Thököly Imre (Erdély : fejedelem), Magyarország története - 17. sz. - életrajz 
856 4 0 |u http://misc.bibl.u-szeged.hu/25922/1/018_007_175-291.pdf  |z Dokumentum-elérés